| 000 | 00719nam a2200217Ia 4500 | ||
|---|---|---|---|
| 005 | 20241129110016.0 | ||
| 008 | 241129s9999||||xx |||||||||||||| ||und|| | ||
| 020 | _a978-0-231-14015-7 | ||
| 037 | _aTB | ||
| 040 |
_aARTS _beng _cARTS |
||
| 041 |
_aeng _2eng |
||
| 084 |
_aR2 P7 _qARTS |
||
| 100 |
_aRorty Richard Au.; Engel Pascal Au.; Savidan Ed.; McCuaig William Tr. _9726839 |
||
| 245 | 0 |
_aWhat's the use of truth ? _cRorty Richard Au.; Engel Pascal Au.; Savidan Ed.; McCuaig William Tr. |
|
| 260 |
_aNew York, USA _bColumbia University Press _c2023 |
||
| 300 | _axii,80p. | ||
| 365 |
_aUSD _b19.95 |
||
| 650 |
_aPhilosophyTheory of Knowledge _9726840 |
||
| 942 |
_cTB _hR2 P7 |
||
| 999 |
_c1226973 _d1226973 |
||